000 00671nam 2200181 4500
001 6083
090 _a6083
100 _a20190729k u||y0frey50 ba
101 _afre
200 _aSuperphénix
_bBrochure
_ele dossier
_fLes Européens contre Superphénix
_gcoord. par Perline, réd. par Bliliane Battais, Philippe Brochet, Serge Defaye, Philippe Lebreton, Pierre Radanne, Monique Sené
210 _fLoriol (Drôme)
_gAtelier 26
_h1994 mars
215 _a42 p.
300 _aBibliogr. Lexique
606 _9648
_aNucléaire (Energie)
606 _9939
_aCentrale de Creys-Malville
607 _9521
_aFrance
710 _96528
_aLes Européens contre Superphenix
801 _aCH
_bCH-002049-8